Regional Geography (Record no. 573913)

MARC details
000 -LEADER
fixed length control field 00736nam a2200169Ia 4500
008 - FIXED-LENGTH DATA ELEMENTS--GENERAL INFORMATION
fixed length control field 250625s9999 xx 000 0 und d
020 ## - INTERNATIONAL STANDARD BOOK NUMBER
ISBN 9780202309569
082 ## - DEWEY DECIMAL CLASSIFICATION NUMBER
Classification number 910.02
Item number MIN
100 ## - MAIN ENTRY--AUTHOR NAME
Personal name Minshull, Roger
245 #0 - TITLE STATEMENT
Title Regional Geography
260 ## - PUBLICATION, DISTRIBUTION, ETC. (IMPRINT)
Name of publisher Aldine De Gruyter
Year of publication 2007
300 ## - PHYSICAL DESCRIPTION
Number of Pages 172 pages
500 ## - GENERAL NOTE
General note Examining the types of regions and regional methods treated in modern geography, this work analyzes the concepts of formal, functional, and city regions. In addition to sizes, shapes, boundaries, and organization, the phenomena that usually form the content of regions are delineated in an attempt to define the nature of regional geography.
650 ## - SUBJECT ADDED ENTRY--TOPICAL TERM
Topical Term Science
942 ## - ADDED ENTRY ELEMENTS (KOHA)
Koha item type English Books
Holdings
Withdrawn status Lost status Damaged status Not for loan Home library Current library Shelving location Date acquired Full call number Accession Number Price effective from Koha item type
        Anna Centenary Library Anna Centenary Library 7TH FLOOR, B WING 25.06.2025 910.02 MIN 298910 25.06.2025 English Books

Find us on the map